MARC details
| 000 -LÍDER |
| campo de controle de tamanho fixo |
01601nam a2200361 4500 |
| 001 - NÚMERO DE CONTROLE |
| campo de controle |
153 |
| 003 - IDENTIFICADOR DO NÚMERO DE CONTROLE |
| campo de controle |
OSt |
| 005 - DATA E HORÁRIO DA ÚLTIMA TRANSAÇÃO |
| campo de controle |
20250217153724.0 |
| 008 - CAMPO DE DADOS FIXOS--INFORMAÇÃO GERAL |
| campo de controle de tamanho fixo |
250128b |||||||g |||| 00| j eng d |
| 020 ## - ISBN - INTERNATIONAL STANDARD BOOK NUMBER |
| ISBN - International Standard Book Number |
8511515895 |
| 040 ## - FONTE DA CATALOGAÇÃO |
| Idioma da catalogação |
por |
| 041 ## - CÓDIGO DE IDIOMA |
| Código do idioma do original e/ou traduções intermediárias do texto |
eng |
| Código do idioma do texto/trilha sonora ou título diferente |
por |
| 082 ## - CDD - CLASSIFICAÇÃO DECIMAL DE DEWEY |
| Número de Classificação |
823 |
| Número do exemplar |
C555tre |
| 100 1# - ENTRADA PRINCIPAL--NOME PESSOAL |
| Nome pessoal |
Christie, Agatha, |
| Datas associadas ao nome |
1890-1976 |
| 9 (RLIN) |
268 |
| 240 ## - TÍTULO UNIFORME |
| Título uniforme |
The thirteen problems |
| 245 ## - TÍTULO |
| Título |
Os treze problemas / |
| Indicação de responsabilidade, etc. |
Christie, Agatha ; Tradução de Thomaz Scott Newlands Neto |
| 260 ## - PUBLICAÇÃO, DISTRIBUIÇÃO, ETC. |
| Local de publicação, distribuição, etc. |
Rio de Janeiro |
| Nome do editor, distribuidor, etc. |
Record |
| Data da publicação, distribuição, etc. |
1987 |
| 300 ## - DESCRIÇÃO FÍSICA |
| Extensão |
217 p. |
| 490 1# - TÍTULO DA SÉRIE |
| Título da série |
Miss Marple |
| 520 ## - NOTA DE RESUMO, ETC. |
| Resumo, etc. |
Raymond West, escritor, Joyce Lemprière, artista, Sir Henry Clithering, ex-diretor da Scotland Yard, o Dr. Pender, o idoso clérigo da paróquia e Mr. Petherick reúnem-se uma vez por semana em casa de Miss Jane Marple e resolvem criar o Clube das Terças-Feiras.<br/>Cada um conta uma história, um mistério do qual sabem o final, que mantém em segredo enquanto os outros opinam, conjecturam e examinam os dados, tentando desvendar o enigma proposto. E Miss Jane Marple, com seus bondosos olhos azuis e eternamente tricotando, mostra mais uma vez conhecer a fundo a natureza humana, e os extremos a que pode chegar. |
| 650 #0 - ASSUNTO--TERMO TÓPICO |
| Cabeçalho tópico ou nome geográfico |
Literatura Inglesa |
| 9 (RLIN) |
89 |
| 650 #0 - ASSUNTO--TERMO TÓPICO |
| Cabeçalho tópico ou nome geográfico |
Historias curtas |
| 9 (RLIN) |
67 |
| 650 #0 - ASSUNTO--TERMO TÓPICO |
| Cabeçalho tópico ou nome geográfico |
Romance Policial |
| 9 (RLIN) |
11 |
| 650 #0 - ASSUNTO--TERMO TÓPICO |
| Cabeçalho tópico ou nome geográfico |
Suspense |
| 9 (RLIN) |
10 |
| 650 #0 - ASSUNTO--TERMO TÓPICO |
| Cabeçalho tópico ou nome geográfico |
Mistério |
| 9 (RLIN) |
42 |
| 650 #0 - ASSUNTO--TERMO TÓPICO |
| Cabeçalho tópico ou nome geográfico |
Crime e Investigação |
| 9 (RLIN) |
13 |
| 650 #0 - ASSUNTO--TERMO TÓPICO |
| Cabeçalho tópico ou nome geográfico |
Clássicos |
| 9 (RLIN) |
77 |
| 650 #0 - ASSUNTO--TERMO TÓPICO |
| Cabeçalho tópico ou nome geográfico |
Filme |
| 9 (RLIN) |
26 |
| 655 #0 - TERMO DE ÍNDICE--GÊNERO E FORMA |
| Gênero/forma/ou termo foco |
Conto |
| 700 ## - ENTRADA ADICIONADA - NOME PESSOAL |
| Nome pessoal |
Thomaz Scott Newlands Neto |
| Função do autor por extenso |
Tradutor |
| 9 (RLIN) |
293 |
| 830 ## - ENTRADA SECUNDÁRIA DE SÉRIE--TÍTULO UNIFORME |
| Título uniforme |
Miss Marple |
| 9 (RLIN) |
276 |
| 942 ## - ELEMENTOS DE ENTRADA ADICIONADOS (KOHA) |
| Fonte de classificação ou esquema de arquivamento |
Classificação decimal de Dewey |
| Ocultar no OPAC |
Não |
| Tipo de material Koha |
Livros |